| 000 | 00937nam a22002897a 4500 | ||
|---|---|---|---|
| 003 | CHAP | ||
| 005 | 20220329134836.0 | ||
| 008 | 971013s1980 r 10010 d | ||
| 010 | _a26820 | ||
| 011 | _a27792 | ||
| 035 | _a31893 | ||
| 040 | _cCHAP | ||
| 090 | _aFolleto 7642 | ||
| 111 | 0 | 0 |
_aCongreso Internacional de Entomología ( _n16 _d: 1980 _c: Tsukuba, Japón) _926745 |
| 245 |
_aForest insect past _b: research and control practice |
||
| 260 |
_aTsukuba, Japón : _b(s.e), _c1980 |
||
| 300 |
_apág. varía _b: maps. ; gráfs. |
||
| 590 |
_aBATCH-UPD _b10 _c20130110 _lUCH01 _h2012 |
||
| 590 |
_aBATCH-UPD _b10 _c20130410 _lUCH01 _h1331 |
||
| 590 |
_aBATCH-UPD _b10 _c20130914 _lUCH01 _h1314 |
||
| 590 |
_aCONVERSION _b10 _c20130109 _lUCH01 _h1315 |
||
| 650 | 1 | 4 |
_aÁrboles _xPlagas. _982440 |
| 650 | 1 | 4 |
_aEntomología _xCongresos. _937123 |
| 901 | _aBK | ||
| 942 | _cFOLL | ||
| 949 |
_aFolleto 7642 _bBC _cFOLL _d-73737 _eTS1 _i31893 _mD _si |
||
| 999 |
_c26820 _d26820 |
||